000 00722nam a2200205Ia 4500
005 20241129110147.0
008 241129s9999||||xx |||||||||||||| ||und||
037 _aTB
040 _aARTS
_bpun
_cARTS
041 _apun
_2pun
084 _aP153 Q9
_qARTS
100 _aਖ਼ੁਰਮੀਦੀ, ਸੁਰਜੀਤ, ਚ।
245 0 _aਆਓ ਵਧੀਆ ਪੰਜਾਬੀ ਲਿਖੀਏ
_cਖ਼ੁਰਮੀਦੀ, ਸੁਰਜੀਤ, ਚ।
260 _aਪਟਿਆਲਾ, ਭਾਰਤ
_bਪਟਿਆਲਾ ਸਪਰੈੱਡ ਪਬਲੀਕੇਸ਼ਨ
_c2023
300 _a40ਪ੍ਰ0
365 _aINR
_b70
650 _aPunjabi Language
_91074
942 _cTB
_hP153 Q9
999 _c1227544
_d1227544